000 00457nam a2200181Ia 4500
001 8269
005 20260306160556.0
008 260306t2014||||xx |||||||||||||| ||spa||
041 _aESP
082 _a370.1523
_bC24 Nº 4
100 _aLopez de Pomar, Fabrizio
_eAUT
245 0 _aEl estres:
_bfomentando la neurociencia educacional
260 _c2014
300 _a38 páginas :
_c20 cm.
650 _aGEN
654 _aCED
942 _cLIB
_dJUS
_fJUS
_2ddc
_n
999 _c8269
_d8269